|
|
|
|
| LEADER |
00679nab a2200157 i 4500 |
| 001 |
misc3612 |
| 005 |
20191106141837.0 |
| 008 |
170607s1946 hu o 0|| hun d |
| 040 |
|
|
|a SZTE Miscellanea Repozitórium
|b hun
|
| 041 |
|
|
|a hun
|
| 245 |
0 |
3 |
|a Az IRODALOM harmadik számának írói
|h [elektronikus dokumentum]
|
| 260 |
|
|
|c 1946
|
| 300 |
|
|
|a 95-96
|
| 490 |
0 |
|
|a Irodalom, tudomány : a Magyar-Szovjet Művelődési Társaság folyóirata
|v 1 No. 3
|
| 695 |
|
|
|a Blok, Alexander, Illés Béla, József Attila, Kovai Lőrinc, Nadányi Zoltán, Tamási Áron, Tóth László, Zelk Zoltán, Tyucsev, Fedor
|
| 856 |
4 |
0 |
|u http://misc.bibl.u-szeged.hu/3612/1/irtud_003_095-096.pdf
|z Dokumentum-elérés
|